Statistiques concernant 20 meilleurs joueurs de tennis français actuels

Cliquez ici pour prendre le quiz!

Statistiques générales

  • Ce quiz a été pris 1 116 fois
    (977 depuis la dernière actualisation)
  • Le résultat moyen est 9 sur 20

Statistiques - réponses

numeroClassementjoueurs% Correct
120Monfils
97%
881Gasquet
88%
240Humbert
80%
667Gaston
71%
456Paire
71%
769Mannarino
69%
12123Simon
69%
563Bonzi
54%
348Rinderknech
53%
15160Pouille
52%
9100Moutet
48%
10112Herbert
46%
13148Halys
38%
17167Barrère
29%
11122Chardy
19%
14155Grenier
13%
18200Hoang
11%
16166Couacaud
10%
20223Janvier
4%
19211Bourgue
2%

Distribution des résultats

Percentile par nombre de réponses

% des personnes avec chaque résultat

Votre développement - résultats

Vous n’avez pas pris ce quiz depuis la dernière actualisation